Top Irish Goalscorers 2023-24 - Statistics

General Stats
  • This quiz has been taken 3 times
  • The average score is 4 of 10
Answer Stats
N Player Club Goals % Correct
10 Evan Ferguson Brighton & Hove Albion 6
100%
1 Sammie Szmodics Blackburn Rovers 33
100%
4 Adam Idah Norwich City, Celtic 15
67%
9 Aaron Connolly Hull City 8
33%
5 David McGoldrick Notts County 13
33%
2 Paddy Madden Stockport County 22
33%
6 Finn Azaz Middlesbrough, Plymouth Argyle 11
0%
3 James Collins Derby County 19
0%
7 Mikey Johnston Celtic, West Bromwich Albion 9
0%
7 Will Keane Preston North End 9
0%
No matching quizzes found
Score Distribution
Percent of People with Each Score
Percentile by Number Answered
Your Score History
You have not taken this quiz